Minor League Baseball Teams - Sudden Death - Statistics

General Stats
  • This quiz has been taken 18 times
  • The average score is 18 of 22
Answers on the Grid
Answers color-coded by a green-red scale on the quiz's grid according to % correct below.
Akron RubberDucks
Amarillo Sod Poodles
Biloxi Shuckers
Charleston RiverDogs
Hartford Yard Goats
Hub City Spartanburgers
Iowa Cubs
Kannapolis Cannon Ballers
Lehigh Valley IronPigs
Montgomery Biscuits
Reading Fightin Phils
Gwinnett Stripers
Inland Empire 66ers
El Paso Chihuahuas
Binghamton Rumble Ponies
Jacksonville Jumbo Shrimp
Augusta GreenJackets
Albuquerque Isotopes
Durham Bulls
Rocket City Trash Pandas
Toledo Mud Hens
Eugene Emerald
Blue Mesa Roadrunners
Red Bluff Jackalopes
Kearney Lynx
Greeley Dust Badgers
Muncie Marmots
Sheboygan Thunder Turnips
Decatur Turbo Turtles
Walla Walla Weasels
 
Answer Stats
Answer % Correct
Hartford Yard Goats
100%
Akron RubberDucks
93%
Binghamton Rumble Ponies
93%
El Paso Chihuahuas
93%
Iowa Cubs
93%
Jacksonville Jumbo Shrimp
93%
Montgomery Biscuits
93%
Rocket City Trash Pandas
93%
Albuquerque Isotopes
86%
Durham Bulls
86%
Gwinnett Stripers
86%
Lehigh Valley IronPigs
86%
Reading Fightin Phils
86%
Augusta GreenJackets
79%
Biloxi Shuckers
79%
Charleston RiverDogs
79%
Toledo Mud Hens
79%
Amarillo Sod Poodles
71%
Inland Empire 66ers
64%
Eugene Emerald
57%
Kannapolis Cannon Ballers
57%
Hub City Spartanburgers
36%
No matching quizzes found
Score Distribution
Percent of People with Each Score
Percentile by Number Answered
Your Score History
You have not taken this quiz